[Event "La Roda op 48th"]
[Site "La Roda"]
[Date "2022.04.13"]
[Round "1"]
[White "Pastor Villalba, Arturo"]
[Black "Lopez Martinez, Josep Manuel"]
[Result "0-1"]
[WhiteElo "1800"]
[BlackElo "2493"]
[PlyCount "84"]
[EventDate "2022.04.13"]
[EventType "swiss"]
[EventRounds "9"]
[EventCountry "ESP"]
[SourceTitle "CBM 207 Extra"]
[Source "ChessBase"]
[SourceDate "2022.05.31"]
[SourceVersion "1"]
[SourceVersionDate "2022.05.31"]
[SourceQuality "1"]

1. d4 Nf6 2. c4 e6 3. Nf3 d5 4. Nc3 dxc4 5. e3 a6 6. Bxc4 b5 7. Bd3 Bb7 8. 0-0 Nbd7 9. Qe2 c5 10. Rd1 Qb8 11. e4 cxd4 12. Nxd4 Bd6 13. Nf3 0-0 14. h3 Rc8 15. Bg5 Bf4 16. Bxf4 Qxf4 17. Bc2 Ne5 18. Nxe5 Qxe5 19. a3 g5 20. g3 h6 21. Rd2 Rc4 22. Re1 Rac8 23. Bb3 Rxc3 24. bxc3 Rxc3 25. Rd3 Nxe4 26. Bc2 Qc7 27. Rxc3 Nxc3 28. Qd3 Kf8 29. Re3 Nd5 30. Re1 Nf6 31. Re3 Qc6 32. Kf1 Qh1+ 33. Ke2 Qxh3 34. Qd6+ Kg7 35. Qd4 Qh5+ 36. Kd2 Qh2 37. Re1 Qg2 38. Kc1 Qd5 39. Qc3 Qf3 40. Qd4 Qxa3+ 41. Kd2 Qa5+ 42. Kd1 Bf3+ 0-1

[Event "ESP-ch Seniors 50"]
[Site "Altea"]
[Date "2021.10.31"]
[Round "1"]
[White "Gonzalez Valero, Julio"]
[Black "Pastor Villalba, Arturo"]
[Result "1-0"]
[WhiteElo "2241"]
[BlackElo "1888"]
[PlyCount "95"]
[EventDate "2021.10.31"]
[EventType "swiss"]
[EventRounds "9"]
[EventCountry "ESP"]
[SourceTitle "CBM 205 Extra"]
[Source "ChessBase"]
[SourceDate "2022.01.31"]
[SourceVersion "1"]
[SourceVersionDate "2022.01.31"]
[SourceQuality "1"]

1. d4 e6 2. Bf4 f5 3. g4 fxg4 4. h3 g3 5. Bxg3 Nf6 6. e3 d5 7. Bd3 Bd6 8. Ne2 Nc6 9. Nbc3 Nb4 10. a3 Nxd3+ 11. Qxd3 Nh5 12. Rg1 Nxg3 13. Nxg3 Bxg3 14. Rxg3 0-0 15. Ne2 Qf6 16. Nf4 Kh8 17. 0-0-0 Qf5 18. Rdg1 Qxd3 19. Nxd3 Rf7 20. h4 Bd7 21. Ne5 Re7 22. h5 Be8 23. h6 g6 24. Kd2 Kg8 25. b3 b6 26. c4 c5 27. Rg5 dxc4 28. bxc4 Rd8 29. Kc3 Rc7 30. Rd1 cxd4+ 31. Rxd4 Rdc8 32. Kb4 a5+ 33. Kb3 b5 34. Rd6 bxc4+ 35. Kc3 Rb7 36. Nxc4 Rbc7 37. Rd4 Kf7 38. Rxa5 Kf6 39. Rf4+ Ke7 40. Kd3 Bc6 41. Ne5 Rd8+ 42. Rd4 Rxd4+ 43. Kxd4 Kf6 44. Rc5 Ra7 45. Ng4+ Ke7 46. Rxc6 Ra4+ 47. Rc4 Rxa3 48. f4 1-0

[Event "ESP-ch Seniors 50+"]
[Site "Altea"]
[Date "2017.10.07"]
[Round "1"]
[White "Fernandez Hernandez, Gerardo"]
[Black "Pastor Villalba, Arturo"]
[Result "0-1"]
[WhiteElo "2178"]
[BlackElo "1892"]
[PlyCount "73"]
[EventDate "2017.10.07"]
[EventType "swiss"]
[EventRounds "9"]
[EventCountry "ESP"]
[SourceTitle "CBM 181 Extra"]
[Source "ChessBase"]
[SourceDate "2017.12.12"]
[SourceVersion "1"]
[SourceVersionDate "2017.12.12"]
[SourceQuality "1"]

1. e4 e6 2. d3 d5 3. Nd2 c5 4. g3 Bd6 5. Bg2 Ne7 6. Ngf3 Nbc6 7. 0-0 0-0 8. Nh4 b5 9. f4 f5 10. Ndf3 dxe4 11. dxe4 Bc7 12. Qe2 Rb8 13. c3 Bb6 14. exf5 c4+ 15. Be3 Nd5 16. Bd4 Nxd4 17. Nxd4 Bxd4+ 18. cxd4 Rb6 19. f6 Qxf6 20. Nf3 Rd8 21. Rfd1 c3 22. Ng5 cxb2 23. Qxb2 Ne3 24. Rd2 Nc4 25. Ne4 Qg6 26. Qb4 Nxd2 27. Qxd2 Bb7 28. Ng5 Bxg2 29. Qxg2 h6 30. Nf3 Qe4 31. Re1 Qd3 32. Qf2 Rc8 33. Ne5 Qc2 34. Re2 Qf5 35. Qe3 Rc2 36. Rxc2 Qxc2 37. Qa3 0-1

[Event "ESP-ch Seniors 50"]
[Site "Altea"]
[Date "2016.10.11"]
[Round "3"]
[White "Pastor Villalba, Arturo"]
[Black "Pastor Pons, Pedro Maria"]
[Result "1-0"]
[WhiteElo "1897"]
[BlackElo "2104"]
[PlyCount "51"]
[EventDate "2016.10.09"]
[EventType "swiss"]
[EventRounds "9"]
[EventCountry "ESP"]
[SourceTitle "EXT 2024"]
[Source "ChessBase"]
[SourceDate "2023.10.10"]
[SourceVersion "1"]
[SourceVersionDate "2023.10.10"]
[SourceQuality "1"]

1. d4 g6 2. c4 Bg7 3. Nc3 d6 4. e4 Nd7 5. f3 e5 6. Be3 c6 7. Qd2 Qe7 8. d5 c5 9. Nge2 f5 10. exf5 gxf5 11. Bg5 Bf6 12. Bxf6 Ndxf6 13. Ng3 f4 14. Nge4 Nxe4 15. Nxe4 Nf6 16. Bd3 0-0 17. 0-0-0 Nxe4 18. Bxe4 a6 19. g3 b5 20. gxf4 Rxf4 21. Rdg1+ Kh8 22. Rg3 Bd7 23. Rhg1 Raf8 24. Qg2 Qe8 25. Rg7 R4f7 26. Qg5 1-0

[Event "Almansa op-B 6th"]
[Site "Almansa"]
[Date "2011.08.12"]
[Round "7.11"]
[White "Sanchez Sanchez, Alberto"]
[Black "Pastor Villalba, Arturo"]
[Result "0-1"]
[WhiteElo "1983"]
[BlackElo "1818"]
[PlyCount "140"]
[EventDate "2011.08.09"]
[EventType "swiss"]
[EventRounds "9"]
[EventCountry "ESP"]
[SourceTitle "EXT 2024"]
[Source "ChessBase"]
[SourceDate "2023.10.10"]
[SourceVersion "1"]
[SourceVersionDate "2023.10.10"]
[SourceQuality "1"]

1. e4 e6 2. d3 c5 3. Nf3 Nc6 4. g3 d6 5. Bg2 Qc7 6. 0-0 Nf6 7. Re1 Be7 8. Nbd2 0-0 9. h4 d5 10. e5 Nd7 11. Qe2 f6 12. exf6 Nxf6 13. Ng5 Nd4 14. Qd1 h6 15. c3 hxg5 16. hxg5 Nc6 17. gxf6 Bxf6 18. Nf3 Qf7 19. Rf1 Qh5 20. d4 cxd4 21. cxd4 Bd7 22. Bf4 Rac8 23. Rc1 g6 24. Re1 Qf5 25. Qd2 g5 26. Nxg5 Nxd4 27. Nf3 Nxf3+ 28. Bxf3 Kf7 29. Rxc8 Rxc8 30. Rc1 Bc6 31. Bg2 Rh8 32. Be3 Qh5 33. Qb4 d4 34. Rxc6 bxc6 35. Qb7+ Be7 36. Bf4 Rd8 37. Qxc6 d3 38. Bf3 Qc5 39. Qe4 Qf5 40. Bd2 Qxe4 41. Bxe4 Rc8 42. Bc3 Rd8 43. Bd2 Bd6 44. b4 Rc8 45. Kf1 Rd8 46. f3 Be5 47. f4 Bc7 48. Ke1 Rd4 49. Bh7 e5 50. Bc3 Rc4 51. Bxe5 Bxe5 52. fxe5 Rxb4 53. Bxd3 Ke6 54. Kf2 Kxe5 55. Kf3 Ra4 56. Bb1 Kf6 57. Ke3 Kg5 58. Kd2 Ra3 59. Kc2 Rxg3 60. Kb2 Kf4 61. Bc2 Ke5 62. a4 a5 63. Bd1 Kd4 64. Bh5 Re3 65. Bg4 Re7 66. Bf3 Kc4 67. Bd1 Kb4 68. Bc2 Re2 69. Kb1 Kc3 70. Bf5 Kb3 0-1

[Event "Almansa op-B 5th"]
[Site "Almansa"]
[Date "2010.08.10"]
[Round "3.11"]
[White "Castillo Sanjuan, Daniel"]
[Black "Pastor Villalba, Arturo"]
[Result "1-0"]
[WhiteElo "1922"]
[BlackElo "1755"]
[PlyCount "55"]
[EventDate "2010.08.09"]
[EventType "swiss"]
[EventRounds "9"]
[EventCountry "ESP"]
[SourceTitle "EXT 2024"]
[Source "ChessBase"]
[SourceDate "2023.10.10"]
[SourceVersion "1"]
[SourceVersionDate "2023.10.10"]
[SourceQuality "1"]

1. e4 e6 2. d4 d5 3. Nd2 c5 4. c3 Nc6 5. Ne2 a6 6. g3 cxd4 7. Nxd4 e5 8. Nxc6 bxc6 9. Qa4 Bd7 10. Bg2 c5 11. Qc2 d4 12. 0-0 Ne7 13. f4 Nc6 14. Nf3 Bd6 15. Qf2 exf4 16. gxf4 dxc3 17. bxc3 Qc7 18. e5 Be7 19. Be3 Na5 20. Ng5 Rc8 21. Bd5 0-0 22. e6 Bc6 23. exf7+ Kh8 24. Be6 Rb8 25. Qh4 h6 26. Qh5 Ba8 27. Qg6 Bxg5 28. Bf5 1-0